000 00411nam a22001697a 4500
005 20160628142635.0
008 160628b xxu||||| |||| 00| 0 eng d
020 _a81-85749-60-4
041 _aeng
082 _b11285
100 _aGupta, Dr B.R. and Singhal, V.
_93062
245 _aDigital Electronics
260 _bKatson Books
_c2011
300 _a538
650 _aDiploma Engineering
_9817
942 _cBK
999 _c4449
_d4448